000 00796nam a2200253Ia 4500
008 160418s9999 xx 000 0 und d
020 _a971-574-081-2
050 _aFIL PL 6061
050 _b.S28 2004 c.2
100 _aSauco, Consolacion P.
245 _aPanitikan ng Pilipinas :
245 _bpanrehiyon /
245 _cConsolacion P. Sauco, Nenita P. Papa, Jerniy R. Geronimo.
260 _aQuezon City:
260 _bKatha Pub. Co., Inc.,
260 _c2004
300 _a284 pages :
300 _billustrations ;
300 _c25 cm.
500 _aIncludes bibliographical references.
650 _aPhilippine literature -- Collected works.
650 _aPhilippine literature -- Study and teaching (Higher).
650 _xPhilippine literature -- History and criticism.
999 _c293624
_d293624